The National and University Library of Bosnia and Herzegovina in Sarajevo

Bibliographic Details
Corporate Author: Nacionalna i univerzitetska biblioteka Bosne i Hercegovine Sarajevo, Bosna a Hercegovina (Author)
Format: Book
Language:English
PhysicalDescription:16 s. 25 cm
Published: [Sarajevo National and University Library of Bosnia and Hercegovina 1992]
Subjects:

MARC

LEADER 00000nam a2200000 a 4500
001 vtls001400626
003 SK-MaSNL
005 20260301120044.0
008 251124s1992 bn a r 00100 eng
020 |c [38,00] 
035 |a SNK000355111 
040 |a SNK  |b slo  |c SNK  |e AACR2 
041 0 |a eng 
044 |a bn  |c BA 
080 |a 027.54(497.1)(091)  |2 1981 
080 |a 027.7(497.1)(091)  |2 1981 
110 0 |a Nacionalna i univerzitetska biblioteka Bosne i Hercegovine Sarajevo, Bosna a Hercegovina  |4 aut  |9 462013 
245 1 4 |a The National and University Library of Bosnia and Herzegovina in Sarajevo 
260 |a [Sarajevo  |b National and University Library of Bosnia and Hercegovina  |c 1992] 
300 |a 16 s.  |c 25 cm 
500 |a Obalový názov 
650 0 7 |a národné knižnice  |2 SNKPH  |9 66320 
650 0 7 |a univerzitné knižnice  |2 SNKPH  |9 69928 
650 0 7 |a dejiny knižníc  |2 SNKPH  |9 60304 
651 7 |a Bosna a Hercegovina  |x dejiny  |2 SNKPHgeo  |9 56345 
655 7 |a prehľady  |2 SNKPH  |9 70194 
999 |c 724513  |d 726443 
952 |t P60, <04>, [BOOK], {604}  |a SNK  |b SNK  |y VYP  |7 0  |p 17A0260382  |o snkOIC 6744  |i snkV 32/2001  |0 0  |1 0  |4 0  |d 2001-01-29  |l 0  |r 2005-01-02 00:00:00  |w 2026-02-23